• 首页
  • 本馆介绍
  • 公告通知
  • 最新文献
  • 馆藏检索
  • 电子资源
  • 读者导购
  • 参考咨询
  • 我的图书馆
  • 登录
  • 详细信息显示
  • 放入我的书架
  • 预约/预借图书
  • 作者相关作品
  • 分类相关作品
  • 丛书相关作品
  • 出版社相关作品

书目信息

  • 表格格式
  • 工作单格式
  • 卡片格式
题名:
马语情深
    
 
作者: 骏曦 著
分册:  
出版信息: 北京   中国文联出版社  2006
页数: 117页
开本: 21cm
丛书名:
单 册:
中图分类: G882.1
科图分类:
主题词: 马术运动--基本知识 , 马术运动
电子资源:
ISBN: 7-5059-5209-9
000 00930nam0 2200253 450
001 003168134
005 20070805092718.34
010    @a7-5059-5209-9@dCNY15.00
100    @a20060529d2006 em y0chiy0110 ea
101 0  @achi
102    @aCN@b110000
105    @aa z 000cd
200 1  @a马语情深@9ma yu qing shen@dThe truth from the equestrian@e关于马术的点点滴滴@f骏曦著@zeng
210    @a北京@c中国文联出版社@d2006
215    @a117页@c彩图,图@d21cm
330    @a本书包括骑姿正确,路线正直——人生的方向;内方缰,外方缰——转换的道理;身体柔软,动作协调——处世之道;保持和等候——忍耐的力量;永远没有马的错——解决问题的根本方法等内容。
510 1  @aTruth from the equestrian@zeng
517 1  @a关于马术的点点滴滴@9guan yu ma shu de dian dian di di
606 0  @a马术运动@x基本知识
606 0  @a马术运动
690    @aG882.1@v4
701  0 @a骏曦@9jun xi@4著
801  0 @aCN@bNLC@c20070805
905    @a10447@dG882.1@e72
    
    马语情深=The truth from the equestrian:关于马术的点点滴滴/骏曦著.-北京:中国文联出版社,2006
    117页:彩图,图;21cm
    
    
    ISBN 7-5059-5209-9:CNY15.00
    本书包括骑姿正确,路线正直——人生的方向;内方缰,外方缰——转换的道理;身体柔软,动作协调——处世之道;保持和等候——忍耐的力量;永远没有马的错——解决问题的根本方法等内容。
●
相关链接 在E读中查询图书 在五车中查询图书 在当当中查询图书 在豆瓣中查询图书


正题名:马语情深     索取号:G882.1/72         预约/预借

序号 登录号 条形码 馆藏地/架位号 状态 备注
1 0807997   208079979   第一样本阅览室/ [索取号:G882.1/72] 在馆    
2 0807998   208079988   第四借阅区/ [索取号:G882.1/72] 在馆    
3 0807999   208079997   第四借阅区/ [索取号:G882.1/72] 在馆    
4 0808000   208080002   第四借阅区/ [索取号:G882.1/72] 在馆    
5 0808001   208080011   第四借阅区/ [索取号:G882.1/72] 在馆    
6 0808002   208080020   第四借阅区/ [索取号:G882.1/72] 在馆    
7 0808003   208080039   第四借阅区/ [索取号:G882.1/72] 在馆    
8 0808004   208080048   密集书库-体育系/ [索取号:G882.1/72] 在馆    
9 0808005   208080057   密集书库-体育系/ [索取号:G882.1/72] 在馆    
10 0808006   208080066   密集书库-体育系/ [索取号:G882.1/72] 在馆    
唐山师范学院图书馆 欢迎您!
大连网信软件有限公司© 版权所有